| 000 | 00440nam a2200157Ia 4500 | ||
|---|---|---|---|
| 008 | 230917s9999||||xx |||||||||||||| ||und|| | ||
| 020 | _cPON15 | ||
| 040 |
_e23505 _aMAIN |
||
| 041 | _aEnglish | ||
| 082 | _a301.426 L482F | ||
| 100 | _aLeathard, Audrey | ||
| 245 | 0 | _aFight for family planning: The development of family planning services in India 1921-74 | |
| 260 |
_aLondon _bMacmillan _c1980 |
||
| 300 | _axviii, 293 p. | ||
| 942 | _cBK | ||
| 999 |
_c216551 _d216551 |
||